|
|
|
|
| LEADER |
00000nta a2200000 i 4500 |
| 001 |
dolg33924 |
| 005 |
20220628093618.0 |
| 008 |
210618suuuu hu om 000 hun d |
| 040 |
|
|
|a BGE Dolgozattár Repozitórium
|b hun
|
| 041 |
|
|
|a hu
|
| 100 |
1 |
|
|a Csiszár Zsófia
|
| 245 |
1 |
0 |
|a Egy magyarországi bolthálózat (CBA) CSR tevékenysége a vakok és gyengénlátók szolgálatában
|c Csiszár Zsófia
|h [elektronikus dokumentum]
|
| 695 |
|
|
|a Társadalmi felelősségvállalás
|
| 695 |
|
|
|a Fogyatékkal élők
|
| 700 |
1 |
|
|a Nincs adat Nincs adat
|e ths
|
| 856 |
4 |
0 |
|u http://dolgozattar.uni-bge.hu/33924/1/D_16029_I0DG1M%20-%20Csisz%C3%A1r%20Zs%C3%B3fia.pdf
|z Dokumentum-elérés
|